Архив барона Николая Александровича Врангеля

RUSMARC
00005248cmc2a2200000#x 450
00146b7a2a3-2139-4c9a-96fd-afbb226c52f6
00520180321140119.0
100##$a20150129l18511917k l0rusy0189 ca
1010#$arus
2001#$aАрхив барона Николая Александровича Врангеля
$j1851-1917
215##$a106 единиц хранения
330##$aВ описи представлены документы к истории рода: документы личные, о прохождении службы, об имуществе и переписка H. А. Врангеля и членов его семьи, материалы по управлению делами великого князя Михаила Александровича
102##$aRU
251##$cОпись
801#0$aRU
$bРГИА
$c20150129
801#1$aRU
$bГлавНИВЦ
$c20150129
$2rusmarc
801#2$aRU
$bПБ им. Б.Н. Ельцина
$c20151224
$gRCR
$2rusmarc
850##$aФедеральное казенное учреждение "Российский государственный исторический архив" (РГИА)
852##$aРГИА
$j1
937##$hРГИА
$d12145150
$aASBIBLIO_SCAN
461#0$10016e313960-f5d5-45e7-9ba9-a0527011194e
$12001
$aВрангель, барон Николай Александрович (р. 1869), генерал-лейтенант, управляющий делами великого князя михаила Александровича
$vОп. 1
$1251
$cФонд
$1852
$j920
371##$aДокумент не является опубликованным и широко распространяемым
035##$a46b7a2a3-2139-4c9a-96fd-afbb226c52f6
1222#$ad1851######
$ad1917######
300##$aНа сайте РГИА (http://www.fgurgia.ru/object/27835442) название описи: 1851-1917 гг.
5171#$a1851-1917 гг.
700#1$3LIBNET\UAF\0000073737
$aВрангель
$bН. А.
$f1869-1927
$gНиколай Александрович
600#1$2prlib_sh
$3LIBNET\UAF\0000073741
$aВрангель
$bН. А.
$f1869-1927
$gНиколай Александрович
$jДокументы и материалы
602##$2nlr_sh
$3RU\NLR\AUTH\661582990
$aВрангели (род)
$jДокументы и материалы
605##$2acquisition_Prlib
$3DITM\AF\0000003834
$aНарод
$lколлекция
605##$aРоссия в лицах
$lколлекция
$2acquisition_Prlib
$3DITM\AF\0000004166
686##$2rubbk
$a63.214(2)-2ю1
$vLBC/M
686##$a63.3(2)52-8ю1
$vLBC/M
$2rubbk
686##$a63.3(2)53-8ю1
$vLBC/M
$2rubbk
Фонд Врангель, барон Николай Александрович (р. 1869), генерал-лейтенант, управляющий делами великого князя михаила Александровича
Формат отображения